[Event "aut_ychb12 Deutschlandsberg"]
[Site "Deutschlandsberg, Laßnitzhaus"]
[Date "2006.??.??"]
[Round "7.10"]
[White "Hoertnagl, Martin"]
[Black "Kainz, Jakob"]
[Result "0-1"]
[WhiteElo "1420"]
[BlackElo "1283"]
[PlyCount "78"]
[EventDate "2006.06.03"]

1. d4 d5 2. c4 e6 3. Nc3 c6 4. Nf3 Nf6 5. Bg5 Nbd7 6. e3 Qa5 7. Bxf6 Nxf6 8.
Qc2 Bb4 9. Bd3 Ne4 10. Bxe4 dxe4 11. Ne5 Qa6 12. O-O f5 13. d5 cxd5 14. cxd5
exd5 15. Nxd5 Bd6 16. Qc3 Be6 17. Nb4 Qb5 18. a3 Bxe5 19. Qd2 Rd8 20. Qc2 O-O
21. Rad1 a5 22. a4 Qxb4 23. f4 Bxb2 24. Rb1 Rd2 25. Rxb2 Qxb2 26. Qxb2 Rxb2 27.
Rc1 Rc8 28. Rxc8+ Bxc8 29. Kf1 Ra2 30. Ke1 Rxg2 31. Kf1 Rxh2 32. Kg1 Ra2 33.
Kf1 Bd7 34. Ke1 Bxa4 35. Kf1 b5 36. Ke1 b4 37. Kf1 b3 38. Ke1 b2 39. Kf1 b1=Q#
0-1

[Event "aut_ychb14 Deutschlandsberg"]
[Site "Deutschlandsberg, Laßnitzhaus"]
[Date "2006.??.??"]
[Round "7.1"]
[White "Schreiner, Peter"]
[Black "Hartl, Daniel"]
[Result "1/2-1/2"]
[WhiteElo "1878"]
[BlackElo "1865"]
[PlyCount "109"]
[EventDate "2006.06.03"]

1. e4 Nf6 2. Nc3 d5 3. e5 d4 4. exf6 dxc3 5. fxg7 cxd2+ 6. Qxd2 Qxd2+ 7. Bxd2
Bxg7 8. O-O-O O-O 9. Bd3 Nd7 10. Nf3 Nf6 11. Rhe1 e6 12. Bc3 b6 13. Be5 c5 14.
Bd6 Rd8 15. Be7 Re8 16. Bxf6 Bxf6 17. Be4 Rb8 18. Bc6 Rf8 19. Rd6 Rd8 20. Rxd8+
Bxd8 21. Rd1 Bf6 22. Nd2 Bg5 23. Kb1 Bb7 24. Bxb7 Rxb7 25. Ne4 Be7 26. f4 f6
27. c4 Kf7 28. Kc2 Ke8 29. g4 h6 30. Ng3 Rd7 31. Rxd7 Kxd7 32. Kd3 a6 33. h3 b5
34. b3 Bd6 35. cxb5 axb5 36. Ne4 Be7 37. Nd2 f5 38. Ke3 Kd6 39. Nf3 Bf6 40. Kd3
Kd5 41. Nd2 Be7 42. a4 Bd6 43. axb5 Bxf4 44. Nc4 Bb8 45. Nb6+ Kd6 46. Ke3 Bc7
47. Nc4+ Kd5 48. gxf5 exf5 49. Kf3 f4 50. b6 Bb8 51. Na5 c4 52. Nxc4 Kc6 53.
Ke4 h5 54. h4 Kb7 55. Kf3 1/2-1/2

[Event "aut_ychb14 Deutschlandsberg"]
[Site "Deutschlandsberg, Laßnitzhaus"]
[Date "2006.??.??"]
[Round "7.3"]
[White "Stagl, Marco"]
[Black "Binder, Michael"]
[Result "0-1"]
[WhiteElo "1581"]
[BlackElo "1818"]
[PlyCount "72"]
[EventDate "2006.06.03"]

1. d4 Nf6 2. c4 g6 3. Nc3 Bg7 4. e4 d6 5. f4 O-O 6. Nf3 c5 7. d5 e6 8. Bd3 exd5
9. cxd5 Re8 10. Qc2 Bg4 11. O-O Bxf3 12. Rxf3 Nbd7 13. f5 Ne5 14. Rf1 Nxd3 15.
Qxd3 Ng4 16. Rf4 Bd4+ 17. Kf1 Nxh2+ 18. Ke2 h5 19. Qg3 Ng4 20. Rxg4 hxg4 21.
Qxg4 Qf6 22. Kd3 c4+ 23. Kc2 Bxc3 24. bxc3 Qe5 25. fxg6 Qxe4+ 26. Qxe4 Rxe4 27.
gxf7+ Kxf7 28. Bd2 Rae8 29. Rg1 R8e5 30. g4 Rxd5 31. Kc1 Re2 32. Bh6 Rxa2 33.
Kb1 Rda5 34. Bc1 Ra1+ 35. Kc2 R5a2+ 36. Kd1 Rxc1+ 0-1

[Event "aut_ychb14 Deutschlandsberg"]
[Site "Deutschlandsberg, Laßnitzhaus"]
[Date "2006.??.??"]
[Round "7.4"]
[White "Lumetzberger, Dominik"]
[Black "Schnegg, Daniel"]
[Result "0-1"]
[WhiteElo "1673"]
[BlackElo "1816"]
[PlyCount "54"]
[EventDate "2006.06.03"]

1. e4 d6 2. d4 Nf6 3. Nc3 g6 4. Bd3 Bg7 5. Nge2 c6 6. f4 e5 7. h3 exd4 8. Nxd4
Nh5 9. Nf3 Bf6 10. Ng5 Ng3 11. Rg1 Bd4 12. Bc4 Qb6 13. Qf3 Bxc3+ 14. bxc3 Qxg1+
15. Kd2 Nh1 16. Nxf7 O-O 17. Nxd6+ Kh8 18. Ke2 Qc5 19. Nxc8 Qxc4+ 20. Ke1 Rxc8
21. Bb2 Nd7 22. Rd1 Nf6 23. Rd4 Qxa2 24. Rb4 Qb1+ 25. Kd2 Rd8+ 26. Rd4 Rxd4+
27. cxd4 Qxb2 0-1

[Event "aut_ychb14 Deutschlandsberg"]
[Site "Deutschlandsberg, Laßnitzhaus"]
[Date "2006.??.??"]
[Round "7.5"]
[White "Kozomara, David"]
[Black "Peschek, Marcel"]
[Result "1-0"]
[WhiteElo "1715"]
[BlackElo "1549"]
[PlyCount "95"]
[EventDate "2006.06.03"]

1. e4 c5 2. Nf3 Nc6 3. d4 cxd4 4. Nxd4 Nf6 5. Nc3 a6 6. Be3 e6 7. f3 Be7 8. Qd2
Nxd4 9. Bxd4 b5 10. Qe3 Bd6 11. e5 Bxe5 12. Bxe5 Bb7 13. Bd3 Bc6 14. O-O d6 15.
Bxf6 Qxf6 16. Qb6 Kd7 17. Rad1 g5 18. Be4 d5 19. Nxd5 exd5 20. Bxd5 Ke7 21.
Qc7+ Kf8 22. Bxc6 Kg7 23. Bxa8 Rxa8 24. f4 gxf4 25. Rxf4 Qe6 26. Rxf7+ Qxf7 27.
Rd7 Rf8 28. Rxf7+ Rxf7 29. Qb6 Rf6 30. Qd4 Kf7 31. g4 Rg6 32. h4 Rc6 33. Qd5+
Re6 34. g5 Ke7 35. Qb7+ Kf8 36. Qxh7 Re7 37. Qh8+ Kf7 38. h5 Re1+ 39. Kf2 Re8
40. g6+ Ke7 41. g7 Rxh8 42. gxh8=Q Kd6 43. Ke3 Kc5 44. Qe5+ Kb4 45. Kd3 Ka4 46.
Kc3 b4+ 47. Kc4 a5 48. Qb5# 1-0

[Event "aut_ychb14 Deutschlandsberg"]
[Site "Deutschlandsberg, Laßnitzhaus"]
[Date "2006.??.??"]
[Round "7.6"]
[White "Dimitriadis, Philipp"]
[Black "Hofer, Christian"]
[Result "1-0"]
[WhiteElo "1646"]
[BlackElo "1695"]
[PlyCount "39"]
[EventDate "2006.06.03"]

1. e4 c5 2. Nf3 d6 3. d4 cxd4 4. Nxd4 Nf6 5. Nc3 g6 6. Be3 Bg7 7. f3 O-O 8. Qd2
Nc6 9. g4 a6 10. h4 Bd7 11. h5 Qc7 12. hxg6 fxg6 13. Bc4+ Kh8 14. O-O-O b5 15.
Bb3 Na5 16. Nd5 Nxb3+ 17. axb3 Nxd5 18. exd5 Rf7 19. Qh2 Rc8 20. Qxh7# 1-0

[Event "aut_ychb14 Deutschlandsberg"]
[Site "Deutschlandsberg, Laßnitzhaus"]
[Date "2006.??.??"]
[Round "7.7"]
[White "Widhalm, Florian"]
[Black "Riemelmoser, Stefan"]
[Result "1-0"]
[WhiteElo "1787"]
[BlackElo "1581"]
[PlyCount "126"]
[EventDate "2006.06.03"]

1. e4 e6 2. Nf3 d5 3. exd5 exd5 4. d4 Bd6 5. Bd3 Ne7 6. O-O O-O 7. Bg5 f6 8.
Bh4 Nf5 9. c4 dxc4 10. Bxc4+ Kh8 11. Nc3 c6 12. Bg3 Nxg3 13. hxg3 Bg4 14. Qd3
Nd7 15. Rad1 Qc7 16. Bb3 Rad8 17. Rc1 Qb8 18. Bc2 g6 19. Nh4 Rg8 20. Ne4 Be7
21. f4 Nc5 22. Qa3 Nxe4 23. Qxe7 Rde8 24. Qa3 Nd6 25. Rce1 Nf5 26. Nxf5 Bxf5
27. Bxf5 gxf5 28. Qc5 Qc8 29. Kf2 Re4 30. Rxe4 fxe4 31. Qe7 Qg4 32. Qxf6+ Rg7
33. Qf8+ Rg8 34. Qa3 Qf5 35. Re1 Qd5 36. Qxa7 Re8 37. Qc5 Qxa2 38. Re2 Qb3 39.
Qd6 Qf7 40. g4 Re6 41. Qd8+ Re8 42. Qg5 Qf8 43. Qf5 Qd6 44. Rxe4 Rxe4 45. Qxe4
Qb4 46. Qe5+ Kg8 47. Qe6+ Kg7 48. Qd7+ Kg8 49. f5 Qxb2+ 50. Kg3 Qc3+ 51. Kh4
Qe1+ 52. Kg5 Qe3+ 53. Kh5 h6 54. Qd8+ Kh7 55. Qc7+ Kg8 56. Qc8+ Kf7 57. Qxb7+
Kf8 58. Qb8+ Kf7 59. Qc7+ Kf8 60. Qd6+ Kg7 61. Qg6+ Kf8 62. Qxh6+ Qxh6+ 63.
Kxh6 Kg8 1-0

[Event "aut_ychb14 Deutschlandsberg"]
[Site "Deutschlandsberg, Laßnitzhaus"]
[Date "2006.??.??"]
[Round "7.8"]
[White "Gerhold, Christoph"]
[Black "Singer, Gerald"]
[Result "1/2-1/2"]
[WhiteElo "1634"]
[BlackElo "1669"]
[PlyCount "70"]
[EventDate "2006.06.03"]

1. d4 d5 2. Nf3 Nf6 3. c4 c6 4. Nc3 Bf5 5. Bg5 e6 6. e3 Be7 7. cxd5 cxd5 8.
Bb5+ Nbd7 9. Ne5 O-O 10. Bxf6 Nxf6 11. O-O a6 12. Bd3 Bxd3 13. Qxd3 Nd7 14.
Nxd7 Qxd7 15. Rac1 Rfc8 16. Rc2 Rc4 17. b3 Rc7 18. Na4 Rxc2 19. Qxc2 Rc8 20.
Qb2 Qc7 21. b4 Qc2 22. Qxc2 Rxc2 23. Nc5 Rxa2 24. Nxb7 Bxb4 25. Rb1 g6 26. g3
Bc3 27. Nc5 a5 28. Rb8+ Kg7 29. Ra8 Be1 30. Nd3 Bc3 31. Nc5 Bb4 32. Ra7 Kf6 33.
g4 g5 34. Kg2 Rc2 35. Nd3 Bd2 1/2-1/2

[Event "aut_ychb14 Deutschlandsberg"]
[Site "Deutschlandsberg, Laßnitzhaus"]
[Date "2006.??.??"]
[Round "7.9"]
[White "Ammann, Stephan"]
[Black "Mrakotsky, Mario"]
[Result "1-0"]
[WhiteElo "1370"]
[BlackElo "1485"]
[PlyCount "45"]
[EventDate "2006.06.03"]

1. e4 c5 2. Nc3 Nc6 3. g3 e6 4. d3 d5 5. Bg2 Nf6 6. h3 Be7 7. exd5 exd5 8. Nf3
O-O 9. O-O Be6 10. Re1 Qd7 11. Ne5 Nxe5 12. Rxe5 Bd6 13. Re1 d4 14. Ne4 Nxe4
15. Bxe4 Bxh3 16. Qh5 h6 17. Bxh6 Bg4 18. Qg5 f6 19. Qg6 f5 20. Bd5+ Kh8 21.
Bg5 Rae8 22. Kg2 Be5 23. Rh1+ 1-0

[Event "aut_ychb14 Deutschlandsberg"]
[Site "Deutschlandsberg, Laßnitzhaus"]
[Date "2006.??.??"]
[Round "7.10"]
[White "Wertjanz, Daniel"]
[Black "Banczi, Thomas"]
[Result "1-0"]
[WhiteElo "1625"]
[BlackElo "1415"]
[PlyCount "79"]
[EventDate "2006.06.03"]

1. d4 Nf6 2. Nf3 b6 3. Bf4 Bb7 4. e3 e6 5. Bd3 Nc6 6. c3 Nh5 7. Bg3 Nxg3 8.
hxg3 Be7 9. Nbd2 h6 10. Qc2 d5 11. O-O-O Qd7 12. e4 O-O-O 13. exd5 exd5 14. Bf5
g6 15. Bxd7+ Rxd7 16. Ne5 Nxe5 17. dxe5 d4 18. Nf3 d3 19. Rxd3 Be4 20. Rxd7
Bxc2 21. Rxe7 Bf5 22. Rxf7 h5 23. Nd4 Bd3 24. Kd2 Bc4 25. Rg7 Rf8 26. f4 Rd8
27. Rd1 Bd5 28. Rxg6 Bxg2 29. Ke1 Be4 30. Rh6 c5 31. Ne2 Bf3 32. Rxd8+ Kxd8 33.
Rh7 a6 34. Kf2 Bg4 35. Ra7 Bc8 36. Ra8 Kc7 37. Rxc8+ Kxc8 38. f5 Kd7 39. f6 Ke6
40. Nf4+ 1-0

[Event "aut_ychg12 Deutschlandsberg"]
[Site "Deutschlandsberg, Laßnitzhaus"]
[Date "2006.??.??"]
[Round "7.1"]
[White "Froewis, Annika"]
[Black "Wilfling, Sandra"]
[Result "1-0"]
[WhiteElo "1720"]
[BlackElo "1409"]
[PlyCount "87"]
[EventDate "2006.06.03"]

1. e4 c5 2. Nf3 Nc6 3. d4 cxd4 4. Nxd4 Nf6 5. Nc3 e5 6. Nxc6 bxc6 7. Bd3 Be7 8.
O-O O-O 9. Kh1 Bb7 10. f4 exf4 11. Bxf4 Rb8 12. Bxb8 Qxb8 13. Rb1 Bd6 14. h3 c5
15. Nd5 Be5 16. Nxf6+ Bxf6 17. Qg4 Qd6 18. Qf5 Be5 19. Bb5 Bc8 20. Rbd1 g6 21.
Rxd6 gxf5 22. Rd5 Bxb2 23. Bxd7 Bxd7 24. Rxd7 fxe4 25. Rxa7 e3 26. Re7 Bd4 27.
c3 Bxc3 28. Rxe3 Bd4 29. Rg3+ Kh8 30. Rg4 Be3 31. Rf3 Bd4 32. h4 Rg8 33. Rxg8+
Kxg8 34. a4 c4 35. Rf4 Bb6 36. Rxc4 Kg7 37. Rc6 Bd8 38. h5 Bg5 39. a5 Be3 40.
a6 Ba7 41. Rc7 Bb6 42. Rb7 Bc5 43. a7 Bxa7 44. Rxa7 1-0

[Event "aut_ychg12 Deutschlandsberg"]
[Site "Deutschlandsberg, Laßnitzhaus"]
[Date "2006.??.??"]
[Round "7.2"]
[White "Kessler, Michaela"]
[Black "Krivda, Manuela"]
[Result "1-0"]
[WhiteElo "1523"]
[BlackElo "1398"]
[PlyCount "45"]
[EventDate "2006.06.03"]

1. e4 c5 2. Nc3 d6 3. g3 g6 4. d3 Bg7 5. Be3 Nc6 6. Qd2 Bd7 7. Nge2 e6 8. Bg2
Nge7 9. Bh6 O-O 10. h4 Nd4 11. O-O-O e5 12. h5 Nec6 13. Bxg7 Kxg7 14. hxg6 hxg6
15. Qh6+ Kf6 16. Nd5+ Ke6 17. Nxd4+ Nxd4 18. Bh3+ f5 19. Qxg6+ Rf6 20. Nxf6
Qxf6 21. Bxf5+ Nxf5 22. exf5+ Ke7 23. Rh7+ 1-0

[Event "aut_ychg12 Deutschlandsberg"]
[Site "Deutschlandsberg, Laßnitzhaus"]
[Date "2006.??.??"]
[Round "7.3"]
[White "Bauer, Valentina"]
[Black "Plessl, Ursula"]
[Result "1-0"]
[WhiteElo "1389"]
[BlackElo "1200"]
[PlyCount "85"]
[EventDate "2006.06.03"]

1. e4 e5 2. Nf3 Nc6 3. d4 d6 4. Bb5 Bd7 5. Bxc6 Bxc6 6. Nc3 Nf6 7. Bg5 h6 8.
Bxf6 Qxf6 9. O-O Be7 10. b4 a6 11. a4 O-O 12. b5 Bd7 13. Nd5 Qe6 14. Nxc7 Qg6
15. Nd5 Rfe8 16. Nxe7+ Rxe7 17. Re1 Re6 18. dxe5 axb5 19. axb5 Rxa1 20. Qxa1
dxe5 21. Nxe5 Qh5 22. Nxd7 Qxb5 23. Qd4 Re7 24. Nc5 f6 25. Qd8+ Re8 26. Qd5+
Kh7 27. Nd3 Qb6 28. Qc5 Qd8 29. Qf5+ g6 30. Qd5 Qe7 31. h3 h5 32. e5 f5 33. Rb1
b6 34. Rxb6 Rd8 35. Rd6 Rb8 36. Rd7 Rb1+ 37. Kh2 Qxd7 38. Qxd7+ Kh6 39. e6 Rb8
40. e7 Rh8 41. e8=Q Kg5 42. Qxh8 h4 43. Qe7# 1-0

[Event "aut_ychg12 Deutschlandsberg"]
[Site "Deutschlandsberg, Laßnitzhaus"]
[Date "2006.??.??"]
[Round "7.4"]
[White "Gerhold, Doris"]
[Black "Schnegg, Anna-Lena"]
[Result "1-0"]
[WhiteElo "1511"]
[BlackElo "1283"]
[PlyCount "83"]
[EventDate "2006.06.03"]

1. e4 e5 2. Nf3 Nc6 3. Bc4 Nf6 4. d3 d5 5. exd5 Nxd5 6. O-O Be6 7. Re1 Bd6 8.
Nc3 O-O 9. Nxd5 Bxd5 10. Bxd5 Bb4 11. c3 Bxc3 12. bxc3 Qxd5 13. Bb2 Rad8 14. d4
exd4 15. cxd4 Rd7 16. Re2 a6 17. a3 Rd6 18. Rc1 Rg6 19. Kf1 Rd8 20. Rc5 Qxc5
21. dxc5 Rxd1+ 22. Ne1 h6 23. Re8+ Kh7 24. Rc8 Re6 25. Bc3 Rc1 26. Bd2 Rb1 27.
f4 Rb2 28. Bc3 Ra2 29. Rxc7 Rxa3 30. Bb2 Rae3 31. Nf3 Re2 32. Bc3 Rc2 33. Bd4
Re4 34. Bf2 Rc1+ 35. Ne1 Rxf4 36. Ke2 Rb1 37. Ke3 Rf6 38. Nd3 Re6+ 39. Kd2 b5
40. cxb6 Rxb6 41. Bxb6 a5 42. Nc5 1-0

[Event "aut_ychg12 Deutschlandsberg"]
[Site "Deutschlandsberg, Laßnitzhaus"]
[Date "2006.??.??"]
[Round "7.5"]
[White "Boehm, Beatrice"]
[Black "Tarmastin, Laura"]
[Result "0-1"]
[WhiteElo "1200"]
[BlackElo "1477"]
[PlyCount "75"]
[EventDate "2006.06.03"]

1. e4 e5 2. Nf3 Nc6 3. Bb5 d6 4. d4 exd4 5. Nxd4 Bd7 6. Nc3 Nf6 7. Qd3 Nb4 8.
Qe2 c5 9. Nf5 Bxb5 10. Nxb5 a6 11. Nc3 g6 12. Nh6 Qe7 13. O-O d5 14. f3 O-O-O
15. Bg5 Bxh6 16. Bxh6 Qe5 17. Bg7 Rhg8 18. Bxf6 Qxf6 19. Qd2 dxe4 20. Qe2 Qd4+
21. Rf2 exf3 22. Qxf3 f5 23. Rd1 Qe5 24. Re2 Rxd1+ 25. Nxd1 Qd4+ 26. Rf2 Nxc2
27. Kh1 Rd8 28. Rf1 Nb4 29. a3 Nc6 30. Nc3 Ne5 31. Qe2 Nd3 32. Rd1 Nf2+ 33. Kg1
Nxd1+ 34. Kf1 Nxc3 35. bxc3 Qd1+ 36. Kf2 Rd2 37. Kf3 Qxe2+ 38. Kf4 0-1

[Event "aut_ychg12 Deutschlandsberg"]
[Site "Deutschlandsberg, Laßnitzhaus"]
[Date "2006.??.??"]
[Round "7.6"]
[White "Teufl, Franziska"]
[Black "Monadjem, Mina"]
[Result "0-1"]
[WhiteElo "1308"]
[BlackElo "1301"]
[PlyCount "66"]
[EventDate "2006.06.03"]

1. e4 e5 2. Nf3 Nc6 3. Bc4 Bc5 4. Nc3 Nf6 5. d3 O-O 6. Bg5 h6 7. Bh4 Be7 8. Qd2
a6 9. a3 Nh5 10. Bg3 d6 11. O-O-O Nd4 12. Nxd4 exd4 13. Ne2 Nxg3 14. hxg3 c5
15. Kb1 b5 16. Ba2 Rb8 17. f4 a5 18. f5 b4 19. axb4 axb4 20. Qf4 Qa5 21. Qg4
Ra8 22. Rxh6 Qxa2+ 23. Kc1 Qa1+ 24. Kd2 Qa5 25. Nf4 b3+ 26. Kc1 Qa1+ 27. Kd2
Qxb2 28. Ke1 Qc3+ 29. Kf1 bxc2 30. Rc1 Ra1 31. Ng6 Rxc1+ 32. Kf2 Qd2+ 33. Kf3
Qe3# 0-1

[Event "aut_ychg14 Deutschlandsberg"]
[Site "Deutschlandsberg, Laßnitzhaus"]
[Date "2006.??.??"]
[Round "7.1"]
[White "Newrkla, Katharina"]
[Black "Wunderl, Eva"]
[Result "1-0"]
[WhiteElo "1700"]
[BlackElo "1267"]
[PlyCount "25"]
[EventDate "2006.06.03"]

1. e4 e5 2. Nf3 Nc6 3. Bb5 Nge7 4. O-O d6 5. c3 Bd7 6. d4 a6 7. Ba4 b5 8. Bb3
Ng6 9. Ng5 Be6 10. d5 Na5 11. dxe6 Nxb3 12. Nxf7 Qe7 13. Qd5 1-0

[Event "aut_ychg14 Deutschlandsberg"]
[Site "Deutschlandsberg, Laßnitzhaus"]
[Date "2006.??.??"]
[Round "7.2"]
[White "Steininger, Sandra"]
[Black "Bauer, Marie-Christine"]
[Result "0-1"]
[WhiteElo "1631"]
[BlackElo "1510"]
[PlyCount "31"]
[EventDate "2006.06.03"]

1. d4 d5 2. c4 e6 3. Nc3 c6 4. Nf3 Nf6 5. Bg5 Nbd7 6. e3 Be7 7. Be2 O-O 8. O-O
b6 9. Rc1 Bb7 10. cxd5 Nxd5 11. Bxe7 Qxe7 12. Nxd5 exd5 13. a3 a5 14. Qd2 Rfc8
15. Rc2 c5 16. Rxc5 0-1

[Event "aut_ychg14 Deutschlandsberg"]
[Site "Deutschlandsberg, Laßnitzhaus"]
[Date "2006.??.??"]
[Round "7.3"]
[White "Konrad, Jasmin"]
[Black "Gavric, Dragana"]
[Result "1-0"]
[WhiteElo "1471"]
[BlackElo "1311"]
[PlyCount "85"]
[EventDate "2006.06.03"]

1. d4 d5 2. Bf4 Nc6 3. Nf3 Nf6 4. e3 a6 5. Bd3 e6 6. a3 b5 7. O-O Bd6 8. Bxd6
cxd6 9. Nbd2 O-O 10. e4 dxe4 11. Bxe4 Nxe4 12. Nxe4 h6 13. c3 Ne7 14. Qd3 Bb7
15. Rfe1 Nd5 16. Rad1 Rc8 17. Ned2 Re8 18. c4 bxc4 19. Nxc4 Nf4 20. Qb3 Bxf3
21. Qxf3 Rxc4 22. Qxf4 e5 23. Qe3 Rc2 24. b4 Qf6 25. Rd2 Rec8 26. Rxc2 Rxc2 27.
dxe5 dxe5 28. Rc1 Rxc1+ 29. Qxc1 Qd6 30. Qc8+ Kh7 31. Qf5+ Kg8 32. g3 g6 33.
Qc2 Kf8 34. a4 Qxb4 35. Qc8+ Kg7 36. Qxa6 Qe1+ 37. Qf1 Qb4 38. Qa1 f6 39. a5
Qb7 40. a6 Qa7 41. Qa5 Kf7 42. Qd5+ Ke7 43. Qb7+ 1-0

[Event "aut_ychg14 Deutschlandsberg"]
[Site "Deutschlandsberg, Laßnitzhaus"]
[Date "2006.??.??"]
[Round "7.4"]
[White "Windhager, Vanessa"]
[Black "Anker, Christin"]
[Result "0-1"]
[WhiteElo "1200"]
[BlackElo "1364"]
[PlyCount "90"]
[EventDate "2006.06.03"]

1. e4 e5 2. Nf3 Nc6 3. Nc3 Nf6 4. Bb5 Bb4 5. a3 Ba5 6. b4 Bb6 7. d3 d6 8. Nd5
h6 9. Nxb6 axb6 10. c4 O-O 11. Bxc6 bxc6 12. h3 c5 13. Bb2 Bd7 14. bxc5 bxc5
15. Nh4 Nh7 16. Nf5 Qf6 17. Qg4 Kh8 18. Qf3 Ng5 19. Qh5 Bxf5 20. exf5 Qxf5 21.
Bc1 Rae8 22. Bxg5 Qxg5 23. Qxg5 hxg5 24. h4 g4 25. f3 gxf3 26. gxf3 f5 27. Kd2
e4 28. fxe4 fxe4 29. a4 e3+ 30. Kc2 Rf2+ 31. Kb3 Rb8+ 32. Ka3 Rfb2 33. a5 R2b4
34. Rhb1 Rxb1 35. Rxb1 Rxb1 36. Ka4 Ra1+ 37. Kb5 e2 38. Kc6 e1=Q 39. Kxc7 Rxa5
40. Kxd6 Qxh4 41. Kd5 Qd4+ 42. Ke6 Ra6+ 43. Ke7 Qf6+ 44. Kd7 Ra7+ 45. Kc8 Qf8#
0-1